[Event "NB II. Toth Laszlo csoport"]
[Site "Bekesszentandras"]
[Date "2023.12.10"]
[Round "3.1"]
[White "Mokcsay, Robert"]
[Black "Fabian Nagy, Sandor"]
[Result "1-0"]
[WhiteElo "2231"]
[BlackElo "1947"]
[PlyCount "119"]
[EventDate "2023.10.08"]
[EventType "team-tourn"]
[EventRounds "9"]
[EventCountry "HUN"]
[Source "chess.hu"]
[WhiteTeam "Duocor-Makoi SVSE II"]
[BlackTeam "Bekesszentandras-KuTE"]
[WhiteTeamCountry "HUN"]
[BlackTeamCountry "HUN"]

1. c4 e5 2. Nc3 Nf6 3. g3 d5 4. cxd5 Nxd5 5. Bg2 Be6 6. d3 Nc6 7. Nf3 Be7 8.
Bd2 O-O 9. Rc1 h6 10. a3 Nb6 11. Ne4 Nd4 12. Nc5 Bxc5 13. Rxc5 Bb3 14. Qb1 Re8
15. e3 Nxf3+ 16. Bxf3 c6 17. Ba5 Qf6 18. Bg2 Na4 19. Rc1 Re6 20. O-O b6 21. Bc3
Qd8 22. d4 exd4 23. Bxd4 Bd5 24. Bxd5 Qxd5 25. b3 Nc5 26. Bxc5 bxc5 27. Rfd1
Qf3 28. Rxc5 Rf6 29. Rd2 Re8 30. Qd3 g6 31. Ra5 h5 32. h4 c5 33. Rxc5 Rfe6 34.
Kh2 a6 35. Rc3 Re4 36. Qe2 Qf6 37. Rc4 Kg7 38. Rxe4 Rxe4 39. Kg2 Qc6 40. Qf3
Qe6 41. Rd4 Re5 42. e4 Rc5 43. Qd3 Rc6 44. Rd8 Qe5 45. Qd4 Kf6 46. f4 Rc2+ 47.
Kh3 Qxd4 48. Rxd4 Rc6 49. b4 Ke7 50. Rd5 Ke6 51. f5+ Kf6 52. fxg6 fxg6 53. Ra5
Rb6 54. Kg2 Rc6 55. Kf3 Rb6 56. Kf4 Rc6 57. Rc5 Re6 58. e5+ Kg7 59. Rc7+ Kh6
60. Ke4 1-0

[Event "NB II. Toth Laszlo csoport"]
[Site "Bekesszentandras"]
[Date "2023.12.10"]
[Round "3.2"]
[White "Puskas, Mihaly"]
[Black "Csikos, Mihaly"]
[Result "0-1"]
[WhiteElo "1885"]
[BlackElo "2029"]
[PlyCount "94"]
[EventDate "2023.10.08"]
[EventType "team-tourn"]
[EventRounds "9"]
[EventCountry "HUN"]
[Source "chess.hu"]
[WhiteTeam "Bekesszentandras-KuTE"]
[BlackTeam "Duocor-Makoi SVSE II"]
[WhiteTeamCountry "HUN"]
[BlackTeamCountry "HUN"]

1. d4 c5 2. d5 e5 3. e4 d6 4. Bb5+ Bd7 5. Bxd7+ Nxd7 6. Nc3 Ngf6 7. Be3 Qa5 8.
f3 b5 9. a3 Nb6 10. Qe2 a6 11. Kf2 Nc4 12. Bc1 Be7 13. Qd3 Nb6 14. Bd2 Nbd7 15.
g4 O-O 16. h4 h5 17. gxh5 Nxh5 18. Qf1 Qd8 19. Qh3 b4 20. Na2 bxa3 21. bxa3 f5
22. exf5 Qe8 23. Nc3 Qf7 24. Bg5 Ndf6 25. Nge2 Ra7 26. Rad1 Rb7 27. Rhg1 Rb2
28. Rd2 Bd8 29. Ne4 Qd7 30. N2g3 Ba5 31. c3 Rxd2+ 32. Bxd2 c4 33. Be3 Nxg3 34.
Qxg3 Nxd5 35. Rg2 Nxe3 36. Kxe3 d5 37. Nd6 Bxc3 38. Qg6 e4 39. fxe4 Be5 40. f6
Rxf6 41. Qe8+ Qxe8 42. Nxe8 d4+ 43. Ke2 Re6 44. Nxg7 Bxg7 45. Kf3 c3 46. Re2 d3
47. Re3 c2 0-1

[Event "NB II. Toth Laszlo csoport"]
[Site "Bekesszentandras"]
[Date "2023.12.10"]
[Round "3.3"]
[White "Diamant, Tibor"]
[Black "Hajdu, Istvan"]
[Result "0-1"]
[WhiteElo "1936"]
[BlackElo "1839"]
[PlyCount "86"]
[EventDate "2023.10.08"]
[EventType "team-tourn"]
[EventRounds "9"]
[EventCountry "HUN"]
[Source "chess.hu"]
[WhiteTeam "Duocor-Makoi SVSE II"]
[BlackTeam "Bekesszentandras-KuTE"]
[WhiteTeamCountry "HUN"]
[BlackTeamCountry "HUN"]

1. e4 Nc6 2. Nf3 e5 3. Bb5 a6 4. Ba4 Nf6 5. d4 b5 6. dxe5 Nxe4 7. Bb3 Nc5 8.
O-O Nxb3 9. axb3 Be7 10. Bf4 O-O 11. Re1 Bb7 12. c3 Qe8 13. Nbd2 Nd8 14. b4 Ne6
15. Be3 f6 16. Bd4 Nxd4 17. Nxd4 Qg6 18. N4f3 fxe5 19. Rxe5 Bd6 20. Re1 Rf4 21.
Qb1 Qh5 22. h3 Bxf3 23. Nxf3 Rxf3 24. gxf3 Qxh3 25. Qc2 Bh2+ 26. Kh1 Rf8 27.
Rxa6 Bg3+ 28. Kg1 Qh2+ 29. Kf1 Qh1+ 30. Ke2 Re8+ 31. Qe4 Rxe4+ 32. fxe4 Qxe4+
33. Kf1 Qf5 34. Re2 Bd6 35. Ra5 Qd5 36. Ke1 Qh1+ 37. Kd2 Qb1 38. Ke3 Qf5 39. f3
Qg5+ 40. Kf2 Qg3+ 41. Ke3 Bf4+ 42. Ke4 d5+ 43. Kf5 Kf7 0-1

[Event "NB II. Toth Laszlo csoport"]
[Site "Bekesszentandras"]
[Date "2023.12.10"]
[Round "3.4"]
[White "Brhlik, Gyorgy"]
[Black "Kovacs, Arthur Dr"]
[Result "1/2-1/2"]
[WhiteElo "1854"]
[BlackElo "1911"]
[PlyCount "60"]
[EventDate "2023.10.08"]
[EventType "team-tourn"]
[EventRounds "9"]
[EventCountry "HUN"]
[Source "chess.hu"]
[WhiteTeam "Bekesszentandras-KuTE"]
[BlackTeam "Duocor-Makoi SVSE II"]
[WhiteTeamCountry "HUN"]
[BlackTeamCountry "HUN"]

1. d4 d5 2. Nf3 Nf6 3. Bf4 c5 4. c3 Qb6 5. Qb3 c4 6. Qxb6 axb6 7. Nbd2 Nc6 8.
e3 e6 9. Be2 Be7 10. O-O O-O 11. Rfe1 b5 12. a3 Nh5 13. Bc7 f5 14. Ne5 Nf6 15.
f3 Bd8 16. Bd6 Be7 17. Bxe7 Nxe7 18. Bf1 Nc6 19. Nxc6 bxc6 20. e4 Bd7 21. exf5
exf5 22. Re7 Rfe8 23. Rae1 Rxe7 24. Rxe7 Re8 25. Rxe8+ Bxe8 26. Be2 f4 27. b4
Nd7 28. Kf2 Kf7 29. Bd1 Nb6 30. Bc2 Kf6 1/2-1/2

[Event "NB II. Toth Laszlo csoport"]
[Site "Bekesszentandras"]
[Date "2023.12.10"]
[Round "3.6"]
[White "Zsirmik, Zsombor"]
[Black "Nagy Dani, Karoly"]
[Result "1-0"]
[WhiteElo "1527"]
[BlackElo "1814"]
[PlyCount "131"]
[EventDate "2023.10.08"]
[EventType "team-tourn"]
[EventRounds "9"]
[EventCountry "HUN"]
[Source "chess.hu"]
[WhiteTeam "Bekesszentandras-KuTE"]
[BlackTeam "Duocor-Makoi SVSE II"]
[WhiteTeamCountry "HUN"]
[BlackTeamCountry "HUN"]

1. e4 e6 2. d4 d5 3. exd5 exd5 4. Bd3 Bd6 5. Nc3 Nf6 6. Bg5 c6 7. Nge2 Nbd7 8.
Qd2 Qc7 9. h3 h6 10. Bf4 Nf8 11. Bxd6 Qxd6 12. Qf4 Qd8 13. Qe3+ Ne6 14. Nf4 O-O
15. Nxe6 Bxe6 16. Ne2 Re8 17. Qd2 Qc8 18. O-O-O Bf5 19. Ng3 Ne4 20. Bxe4 dxe4
21. Nxf5 Qxf5 22. Rhe1 Qd5 23. Kb1 Re6 24. Re3 Rd8 25. Qe2 b5 26. Rc3 Qg5 27.
Rg3 Qe7 28. c3 Qc7 29. Qg4 g6 30. f4 Kh7 31. Re1 f5 32. Qh4 Rde8 33. Rge3 a5
34. Qf2 Rd6 35. g4 Rg8 36. Rg1 c5 37. gxf5 cxd4 38. cxd4 gxf5 39. Rxg8 Kxg8 40.
Rg3+ Kh7 41. Rg1 Qf7 42. Qd2 b4 43. Rd1 Qd5 44. Qf2 Rc6 45. Qd2 Rg6 46. Qf2 Rg7
47. b3 Qg8 48. d5 Rg2 49. Qd4 Qg7 50. Qe5 Qd7 51. d6 Rg7 52. Qxa5 e3 53. Qe5
Rf7 54. Qxe3 Qc6 55. Qd4 Qd7 56. Qd5 Rf6 57. Qe5 Rg6 58. Qe7+ Rg7 59. Qe5 Rg6
60. Qd5 Rf6 61. Rg1 Qf7 62. Qxf7+ Rxf7 63. Re1 Kg6 64. Re7 Rf6 65. d7 Rd6 66.
Re6+ 1-0

[Event "NB II. Toth Laszlo csoport"]
[Site "Bekesszentandras"]
[Date "2023.12.10"]
[Round "3.7"]
[White "Gyori, Gabor"]
[Black "Kovacs, Tibor T"]
[Result "1-0"]
[WhiteElo "1749"]
[BlackElo "1659"]
[PlyCount "95"]
[EventDate "2023.10.08"]
[EventType "team-tourn"]
[EventRounds "9"]
[EventCountry "HUN"]
[Source "chess.hu"]
[WhiteTeam "Duocor-Makoi SVSE II"]
[BlackTeam "Bekesszentandras-KuTE"]
[WhiteTeamCountry "HUN"]
[BlackTeamCountry "HUN"]

1. Nf3 Nf6 2. d4 e6 3. c4 b6 4. Nc3 Bb4 5. a3 Bxc3+ 6. bxc3 Bb7 7. Bg5 d6 8. e3
Nbd7 9. Bd3 h6 10. Bh4 O-O 11. O-O Qc8 12. Rc1 Be4 13. Qc2 Qb7 14. Bxe4 Nxe4
15. Ra1 f5 16. Bg3 g5 17. h3 Ndf6 18. Bh2 Kf7 19. Ne1 g4 20. h4 Nh5 21. g3 c5
22. Qd3 Rad8 23. a4 Qa6 24. Ra3 d5 25. cxd5 Qxd3 26. dxe6+ Kxe6 27. Nxd3 Nd2
28. Rd1 Nf3+ 29. Kg2 cxd4 30. cxd4 Rc8 31. a5 Rc2 32. axb6 axb6 33. Rb3 Rb8 34.
Rdb1 Rc6 35. d5+ Kxd5 36. Nb4+ Kd6 37. Nxc6 Kxc6 38. Rc1+ Kd6 39. Rd3+ Ke5 40.
Rd7 Nf6 41. Rf7 b5 42. Rc6 Nd5 43. Rd7 Ne1+ 44. Kf1 Nd3 45. Rcd6 N5b4 46. f4+
Ke4 47. Ke2 Ra8 48. Re7+ 1-0

[Event "NB II. Toth Laszlo csoport"]
[Site "Bekesszentandras"]
[Date "2023.12.10"]
[Round "3.8"]
[White "Aczel-Szabo, Csongor"]
[Black "Kopias, Ferenc"]
[Result "1-0"]
[WhiteElo "1453"]
[BlackElo "1658"]
[PlyCount "101"]
[EventDate "2023.10.08"]
[EventType "team-tourn"]
[EventRounds "9"]
[EventCountry "HUN"]
[Source "chess.hu"]
[WhiteTeam "Bekesszentandras-KuTE"]
[BlackTeam "Duocor-Makoi SVSE II"]
[WhiteTeamCountry "HUN"]
[BlackTeamCountry "HUN"]

1. d4 f5 2. c4 Nf6 3. Nc3 g6 4. Bf4 Bg7 5. Qd2 O-O 6. Bh6 d6 7. Bxg7 Kxg7 8.
Nf3 c6 9. e3 Ne4 10. Qc2 Qa5 11. Bd3 d5 12. a3 Na6 13. O-O Nxc3 14. b4 Ne2+ 15.
Bxe2 Qd8 16. cxd5 cxd5 17. Bxa6 bxa6 18. Qc6 Rb8 19. Rac1 a5 20. Qc7 Ba6 21.
Qe5+ Rf6 22. Rc7 Rb7 23. Rxb7 Bxb7 24. Rc1 Qd6 25. Rc7 Qxe5 26. Nxe5 Rb6 27.
Rxe7+ Kg8 28. Nd7 Rb5 29. Nc5 Bc6 30. Rxa7 axb4 31. axb4 Rxb4 32. h4 f4 33. Rc7
Be8 34. Ne6 fxe3 35. fxe3 Ba4 36. Rg7+ Kh8 37. Rf7 Rb8 38. Ng5 h5 39. Nh3 Bc2
40. Ng5 Kg8 41. Rd7 Rb1+ 42. Kf2 Rb5 43. Kf3 Bb3 44. Kf4 Rb8 45. Ne6 Re8 46.
Rg7+ Kh8 47. Rxg6 Bd1 48. Ke5 Bg4 49. Kxd5 Kh7 50. Rf6 Bd1 51. Ke5 1-0

[Event "NB II. Toth Laszlo csoport"]
[Site "Bekesszentandras"]
[Date "2023.12.10"]
[Round "3.9"]
[White "Gyori, Balint"]
[Black "Szilagyi, Peter"]
[Result "1/2-1/2"]
[WhiteElo "1532"]
[BlackElo "1388"]
[PlyCount "174"]
[EventDate "2023.10.08"]
[EventType "team-tourn"]
[EventRounds "9"]
[EventCountry "HUN"]
[Source "chess.hu"]
[WhiteTeam "Duocor-Makoi SVSE II"]
[BlackTeam "Bekesszentandras-KuTE"]
[WhiteTeamCountry "HUN"]
[BlackTeamCountry "HUN"]

1. Nf3 d5 2. d4 Bf5 3. c4 e6 4. Nc3 Nf6 5. Bf4 Bd6 6. Bg3 Ne4 7. Qb3 Bxg3 8.
hxg3 b6 9. cxd5 Nxc3 10. bxc3 exd5 11. e3 c6 12. c4 O-O 13. cxd5 cxd5 14. Rc1
Be6 15. Bd3 g6 16. Ne5 f6 17. Nf3 Qe7 18. Qb1 Nd7 19. Ke2 a6 20. Rh6 Rf7 21.
Rch1 Rg7 22. Nh4 Bf7 23. Nf3 b5 24. Qc2 Nb6 25. Qc6 Qd8 26. Qc2 Rc8 27. Qd2 Qc7
28. Qa5 Qb7 29. Rd1 Be8 30. Rhh1 Rgc7 31. Nd2 Na4 32. Ra1 Nb2 33. Qb4 Nxd3 34.
Kxd3 a5 35. Qd6 b4 36. Ke2 Qb5+ 37. Kf3 Qc6 38. Qxc6 Rxc6 39. Nb3 a4 40. Nc5
Rb8 41. Nxa4 Rc2 42. Nc5 Ra8 43. Nd3 Ra3 44. Nxb4 Rc4 45. Rhb1 g5 46. Rb2 Rxd4
47. Nc2 Bh5+ 48. g4 Rxg4 49. Rh1 Rf4+ 50. Kg3 Rg4+ 51. Kh2 Rd3 52. Rhb1 Bg6 53.
Nd4 Kg7 54. Nf3 Ra4 55. Nd4 Rdxd4 56. Rb7+ Kh6 57. exd4 Bxb1 58. Rxb1 Rxa2 59.
Rb5 Rxf2 60. Rxd5 Kg7 61. Rd7+ Kg6 62. d5 Re2 63. d6 Re6 64. Rd8 Kf7 65. Rd7+
Ke8 66. Rxh7 Rxd6 67. Kg3 Rd4 68. Ra7 Rd7 69. Ra5 Kf7 70. Kg4 Kg6 71. Ra6 Rd4+
72. Kg3 Rf4 73. Rb6 Kh5 74. Rb1 Rg4+ 75. Kf3 f5 76. g3 Re4 77. Rh1+ Kg6 78. Ra1
g4+ 79. Kf2 Kg5 80. Ra8 Re5 81. Rg8+ Kf6 82. Rf8+ Ke7 83. Ra8 Rd5 84. Ke3 Kf6
85. Rf8+ Ke7 86. Ra8 Rd6 87. Kf4 Rd3 1/2-1/2

[Event "NB II. Toth Laszlo csoport"]
[Site "Bekesszentandras"]
[Date "2023.12.10"]
[Round "3.10"]
[White "Fulajtar, Istvan"]
[Black "Kralik, Attila"]
[Result "0-1"]
[WhiteElo "1481"]
[BlackElo "1591"]
[PlyCount "76"]
[EventDate "2023.10.08"]
[EventType "team-tourn"]
[EventRounds "9"]
[EventCountry "HUN"]
[Source "chess.hu"]
[WhiteTeam "Bekesszentandras-KuTE"]
[BlackTeam "Duocor-Makoi SVSE II"]
[WhiteTeamCountry "HUN"]
[BlackTeamCountry "HUN"]

1. e4 d6 2. d4 b6 3. Nf3 Bb7 4. Bd3 g6 5. Be3 Bg7 6. O-O Nd7 7. c3 Ngf6 8. Nbd2
c5 9. Rc1 O-O 10. b3 e5 11. d5 h6 12. Ne1 g5 13. g4 Bc8 14. h3 Kh7 15. Kh2 Rg8
16. f3 Nf8 17. Rg1 Ng6 18. Bf2 Nf4 19. Bg3 Qd7 20. Bxf4 gxf4 21. Bf1 Bf8 22.
Qe2 a6 23. c4 Be7 24. Nd3 Ne8 25. Qf2 Qd8 26. Bg2 Bh4 27. Qe2 Bg3+ 28. Kh1 Qh4
29. Nf1 h5 30. Nh2 Nf6 31. Bf1 Bd7 32. Rc2 Rg6 33. Nf2 Rag8 34. Rg2 Kg7 35. a3
Kf8 36. Nd3 hxg4 37. hxg4 Nxg4 38. fxg4 Bxg4 0-1

[Event "NB II. Toth Laszlo csoport"]
[Site "Kiskunfelegyhaza"]
[Date "2023.12.10"]
[Round "3.1"]
[White "Samu, Gabor Jr"]
[Black "Solymosi, Andras"]
[Result "1-0"]
[WhiteElo "2329"]
[BlackElo "2148"]
[PlyCount "109"]
[EventDate "2023.10.08"]
[EventType "team-tourn"]
[EventRounds "9"]
[EventCountry "HUN"]
[Source "chess.hu"]
[WhiteTeam "Bekesi TE"]
[BlackTeam "Felegyhaza-Csongrad"]
[WhiteTeamCountry "HUN"]
[BlackTeamCountry "HUN"]

1. d4 d5 2. c4 e6 3. Nc3 Nf6 4. Nf3 c5 5. cxd5 Nxd5 6. e4 Nxc3 7. bxc3 cxd4 8.
cxd4 Bb4+ 9. Bd2 Bxd2+ 10. Qxd2 O-O 11. Bc4 Nd7 12. O-O b6 13. Rfe1 Bb7 14.
Rad1 Nf6 15. Bd3 h6 16. h3 Rc8 17. a4 Qc7 18. Qe3 Rfd8 19. d5 exd5 20. e5 Ne4
21. Nd4 Qxe5 22. f3 Qg5 23. fxe4 Qxe3+ 24. Rxe3 dxe4 25. Bxe4 Bxe4 26. Rxe4 Rc4
27. Kf2 Rxa4 28. Ne2 Rxd1 29. Rxa4 a5 30. Ke3 Kf8 31. Ra2 Ke7 32. Rb2 Rd6 33.
Nd4 g6 34. Ke4 f6 35. g4 Kd7 36. Rc2 Kd8 37. h4 Kd7 38. Rc1 Kd8 39. Rh1 h5 40.
gxh5 gxh5 41. Rb1 Kc8 42. Rb5 Kb7 43. Rxh5 a4 44. Rh7+ Ka6 45. h5 a3 46. Nc2
Re6+ 47. Kf4 b5 48. h6 Re2 49. Nxa3 Ra2 50. Nxb5 Kxb5 51. Rh8 Ra7 52. h7 Rb7
53. Kf5 Kb4 54. Kg6 f5 55. Rf8 1-0

[Event "NB II. Toth Laszlo csoport"]
[Site "Kiskunfelegyhaza"]
[Date "2023.12.10"]
[Round "3.2"]
[White "Pacal, Mihaly"]
[Black "Varga, Tamas"]
[Result "0-1"]
[WhiteElo "2121"]
[BlackElo "2147"]
[PlyCount "56"]
[EventDate "2023.10.08"]
[EventType "team-tourn"]
[EventRounds "9"]
[EventCountry "HUN"]
[Source "chess.hu"]
[WhiteTeam "Felegyhaza-Csongrad"]
[BlackTeam "Bekesi TE"]
[WhiteTeamCountry "HUN"]
[BlackTeamCountry "HUN"]

1. Nf3 d5 2. g3 c5 3. Bg2 Nc6 4. d4 Nf6 5. O-O cxd4 6. Nxd4 e5 7. Nxc6 bxc6 8.
c4 Qa5 9. Nc3 Be6 10. Bg5 Rd8 11. Bxf6 gxf6 12. cxd5 cxd5 13. a3 d4 14. Bc6+
Ke7 15. Na4 Qa6 16. Be4 f5 17. Bd3 Qb7 18. b4 Kf6 19. Rc1 h5 20. Nc5 Bxc5 21.
Rxc5 h4 22. f3 hxg3 23. hxg3 Rdg8 24. Kg2 f4 25. Rh1 Rxg3+ 26. Kf2 Qb8 27. Rc1
Qg8 28. Rxh8 Rg2+ 0-1

[Event "NB II. Toth Laszlo csoport"]
[Site "Kiskunfelegyhaza"]
[Date "2023.12.10"]
[Round "3.3"]
[White "Szasz, Janos"]
[Black "Vilagos, Nandor"]
[Result "0-1"]
[WhiteElo "2075"]
[BlackElo "2023"]
[PlyCount "94"]
[EventDate "2023.10.08"]
[EventType "team-tourn"]
[EventRounds "9"]
[EventCountry "HUN"]
[Source "chess.hu"]
[WhiteTeam "Bekesi TE"]
[BlackTeam "Felegyhaza-Csongrad"]
[WhiteTeamCountry "HUN"]
[BlackTeamCountry "HUN"]

1. d4 d5 2. c4 c6 3. Nc3 Nf6 4. cxd5 cxd5 5. Nf3 Nc6 6. Bf4 e6 7. e3 Be7 8. Bd3
Nh5 9. Bg3 f5 10. Ne5 Nxg3 11. Nxc6 bxc6 12. hxg3 O-O 13. g4 h6 14. gxf5 exf5
15. Rc1 Rf6 16. g3 Rb8 17. Qc2 Qb6 18. b3 Bb4 19. Ke2 Bxc3 20. Qxc3 Ba6 21. Rc2
Re8 22. Bxa6 Qxa6+ 23. Qd3 Qb6 24. Kd2 Ree6 25. Qc3 Kh7 26. Qc5 Qa6 27. b4 g5
28. Qa5 Qb7 29. b5 f4 30. exf4 gxf4 31. bxc6 Rxc6 32. Rhc1 fxg3 33. fxg3 Rf2+
34. Kd3 Rfxc2 35. Rxc2 Qb1 36. Qxa7+ Kg6 37. Qc5 Rxc5 38. dxc5 Qf1+ 39. Kd2
Qf2+ 40. Kd1 Qxg3 41. c6 Qc7 42. Rc5 Kf6 43. Rxd5 Qxc6 44. Rd2 h5 45. Rf2+ Kg5
46. Ke2 h4 47. Kf1 h3 0-1

[Event "NB II. Toth Laszlo csoport"]
[Site "Kiskunfelegyhaza"]
[Date "2023.12.10"]
[Round "3.4"]
[White "Varadi, Laszlo"]
[Black "Somogyi, Gabor"]
[Result "1/2-1/2"]
[WhiteElo "1990"]
[BlackElo "1843"]
[PlyCount "108"]
[EventDate "2023.10.08"]
[EventType "team-tourn"]
[EventRounds "9"]
[EventCountry "HUN"]
[Source "chess.hu"]
[WhiteTeam "Felegyhaza-Csongrad"]
[BlackTeam "Bekesi TE"]
[WhiteTeamCountry "HUN"]
[BlackTeamCountry "HUN"]

1. e4 e6 2. d4 d5 3. e5 c5 4. c3 Nc6 5. Nf3 Qb6 6. a3 Bd7 7. b4 cxd4 8. cxd4 a6
9. Be3 Nge7 10. Bd3 Na7 11. Nc3 Bb5 12. Nxb5 Nxb5 13. O-O Nc6 14. Qd2 Be7 15.
Rfb1 O-O 16. a4 Nc7 17. a5 Qa7 18. Bg5 f6 19. Bh4 f5 20. Bxe7 Nxe7 21. Rc1 Nc6
22. Rc5 Qb8 23. Rb1 Na7 24. Qg5 Nab5 25. g4 g6 26. gxf5 exf5 27. Qg2 Ne6 28.
Bxb5 Nxc5 29. bxc5 axb5 30. Rxb5 Qc7 31. Ng5 Qd7 32. Qf1 h6 33. Nf3 Ra6 34. Qb1
Rf7 35. Qb3 Kh7 36. e6 Qxe6 37. Ne5 Rc7 38. Rxb7 Qc8 39. Rb8 Qe6 40. Qb5 Raa7
41. Rb6 Qc8 42. c6 Qd8 43. Nf3 Qd6 44. a6 Qf4 45. Qxd5 Qg4+ 46. Kh1 Qf4 47. Rb8
Rg7 48. Rb7 Rxa6 49. Rxg7+ Kxg7 50. Qd7+ Kf6 51. Qd8+ Kg7 52. Qd7+ Kf6 53. Qd8+
Kg7 54. Qd7+ Kg8 1/2-1/2

[Event "NB II. Toth Laszlo csoport"]
[Site "Kiskunfelegyhaza"]
[Date "2023.12.10"]
[Round "3.5"]
[White "Takacs, Lajos"]
[Black "Kemeny, Csaba"]
[Result "1/2-1/2"]
[WhiteElo "1963"]
[BlackElo "2061"]
[PlyCount "95"]
[EventDate "2023.10.08"]
[EventType "team-tourn"]
[EventRounds "9"]
[EventCountry "HUN"]
[Source "chess.hu"]
[WhiteTeam "Bekesi TE"]
[BlackTeam "Felegyhaza-Csongrad"]
[WhiteTeamCountry "HUN"]
[BlackTeamCountry "HUN"]

1. e4 c5 2. c4 Nc6 3. Ne2 g6 4. d4 cxd4 5. Nxd4 Bg7 6. Be3 Nf6 7. Nc3 O-O 8.
Be2 d6 9. h3 Bd7 10. O-O Nxd4 11. Bxd4 Bc6 12. Qd3 Nd7 13. Bxg7 Kxg7 14. b4 b6
15. f4 Rc8 16. Rad1 Qc7 17. Bg4 Rcd8 18. Nd5 Bxd5 19. cxd5 Rc8 20. Rc1 Qxc1 21.
Rxc1 Rxc1+ 22. Kh2 Nf6 23. e5 Nxg4+ 24. hxg4 Rd8 25. e6 f6 26. Qd4 Kg8 27. g5
f5 28. Qd3 Rdc8 29. a4 R1c4 30. Qd2 Re4 31. a5 b5 32. a6 Rec4 33. Qe3 R4c7 34.
Qa3 Rb8 35. Qa5 Rc4 36. g3 Rc2+ 37. Kh3 Rc3 38. Kg2 Rc2+ 39. Kf1 Rc3 40. Ke2
Rb6 41. Qa1 Rc4 42. Qa5 Rc3 43. Kd2 Rc4 44. Ke3 Rc3+ 45. Kd2 Rc4 46. Qa3 Kg7
47. Ke3 Kg8 48. Qa5 1/2-1/2

[Event "NB II. Toth Laszlo csoport"]
[Site "Kiskunfelegyhaza"]
[Date "2023.12.10"]
[Round "3.6"]
[White "Nagy, Jozsef"]
[Black "Nagy, Gabor Dr"]
[Result "0-1"]
[WhiteElo "1854"]
[BlackElo "1786"]
[PlyCount "74"]
[EventDate "2023.10.08"]
[EventType "team-tourn"]
[EventRounds "9"]
[EventCountry "HUN"]
[Source "chess.hu"]
[WhiteTeam "Felegyhaza-Csongrad"]
[BlackTeam "Bekesi TE"]
[WhiteTeamCountry "HUN"]
[BlackTeamCountry "HUN"]

1. d4 Nf6 2. c4 g6 3. Nc3 Bg7 4. g3 O-O 5. Bg2 d6 6. Nf3 Nbd7 7. e4 e5 8. dxe5
Nxe5 9. Nxe5 dxe5 10. O-O c6 11. Be3 Qc7 12. Qe2 Be6 13. Rfd1 Rfd8 14. f3 b6
15. Bf1 Rxd1 16. Rxd1 Rd8 17. a4 Bf8 18. Rd2 Rxd2 19. Qxd2 Nd7 20. Kf2 Nc5 21.
Qc2 f5 22. Bxc5 Bxc5+ 23. Kg2 f4 24. g4 h5 25. gxh5 gxh5 26. Kh1 Qe7 27. b3 Qh4
28. Qe2 Bd4 29. Nd1 Kh7 30. Nb2 Qg5 31. Bg2 h4 32. h3 Bxh3 33. Nd3 Be6 34. Nf2
Qg3 35. Ng4 Bxg4 36. fxg4 h3 37. Bxh3 Qg1# 0-1

[Event "NB II. Toth Laszlo csoport"]
[Site "Kiskunfelegyhaza"]
[Date "2023.12.10"]
[Round "3.7"]
[White "Jozaf, Csaba"]
[Black "Karsai, Istvan"]
[Result "1/2-1/2"]
[WhiteElo "1900"]
[BlackElo "1976"]
[PlyCount "21"]
[EventDate "2023.10.08"]
[EventType "team-tourn"]
[EventRounds "9"]
[EventCountry "HUN"]
[Source "chess.hu"]
[WhiteTeam "Bekesi TE"]
[BlackTeam "Felegyhaza-Csongrad"]
[WhiteTeamCountry "HUN"]
[BlackTeamCountry "HUN"]

1. Nf3 Nf6 2. c4 g6 3. Nc3 Bg7 4. d4 d5 5. cxd5 Nxd5 6. e4 Nxc3 7. bxc3 c5 8.
Bb5+ Bd7 9. Bxd7+ Nxd7 10. O-O O-O 11. Qb3 1/2-1/2

[Event "NB II. Toth Laszlo csoport"]
[Site "Kiskunfelegyhaza"]
[Date "2023.12.10"]
[Round "3.8"]
[White "Szekeres, Sebestyen"]
[Black "Deak, Zoltan"]
[Result "1-0"]
[WhiteElo "1931"]
[BlackElo "1810"]
[PlyCount "87"]
[EventDate "2023.10.08"]
[EventType "team-tourn"]
[EventRounds "9"]
[EventCountry "HUN"]
[Source "chess.hu"]
[WhiteTeam "Felegyhaza-Csongrad"]
[BlackTeam "Bekesi TE"]
[WhiteTeamCountry "HUN"]
[BlackTeamCountry "HUN"]

1. d4 d5 2. Nf3 Nf6 3. e3 e6 4. a3 Be7 5. b4 c6 6. Nbd2 O-O 7. Bb2 b6 8. Ne5
Bb7 9. c4 Nbd7 10. Bd3 Nxe5 11. dxe5 Nd7 12. O-O c5 13. b5 Qc7 14. f4 g6 15.
Qe2 Rfd8 16. Bc3 Nf8 17. a4 d4 18. exd4 cxd4 19. Bb2 Bc5 20. Kh1 a5 21. Nb3 Rd7
22. Nxc5 bxc5 23. Qg4 Re7 24. Rae1 Ree8 25. Bc1 Bc8 26. Bd2 Qe7 27. Be4 Bb7 28.
Bd3 Bc8 29. Rf3 f5 30. exf6 Qxf6 31. Be4 Bd7 32. Bxa8 Rxa8 33. Qg5 Qf5 34. Qxf5
exf5 35. Re5 Ne6 36. Rf1 Kf7 37. Rfe1 Ke7 38. h3 Kd6 39. Rd5+ Kc7 40. Kh2 Bc8
41. Bc1 Bb7 42. Rxe6 Bxd5 43. cxd5 Rd8 44. Rc6+ 1-0

[Event "NB II. Toth Laszlo csoport"]
[Site "Kiskunfelegyhaza"]
[Date "2023.12.10"]
[Round "3.9"]
[White "Kovacs, Sandor Zoltan"]
[Black "Kelemen, Sandor"]
[Result "1/2-1/2"]
[WhiteElo "1620"]
[BlackElo "1901"]
[PlyCount "22"]
[EventDate "2023.10.08"]
[EventType "team-tourn"]
[EventRounds "9"]
[EventCountry "HUN"]
[Source "chess.hu"]
[WhiteTeam "Bekesi TE"]
[BlackTeam "Felegyhaza-Csongrad"]
[WhiteTeamCountry "HUN"]
[BlackTeamCountry "HUN"]

1. e4 d6 2. Nf3 g6 3. d4 Bg7 4. Bc4 c6 5. O-O Nf6 6. e5 dxe5 7. Nxe5 O-O 8. c3
Nd5 9. Qf3 Be6 10. Nd2 Nd7 11. Ng4 Bxg4 1/2-1/2

[Event "NB II. Toth Laszlo csoport"]
[Site "Kiskunfelegyhaza"]
[Date "2023.12.10"]
[Round "3.10"]
[White "Hideg, Ferenc Bendeguz"]
[Black "Vamosi, Peter Istvan"]
[Result "1-0"]
[WhiteElo "1788"]
[BlackElo "1440"]
[PlyCount "119"]
[EventDate "2023.10.08"]
[EventType "team-tourn"]
[EventRounds "9"]
[EventCountry "HUN"]
[Source "chess.hu"]
[WhiteTeam "Felegyhaza-Csongrad"]
[BlackTeam "Bekesi TE"]
[WhiteTeamCountry "HUN"]
[BlackTeamCountry "HUN"]

1. d4 Nf6 2. c4 e6 3. Nc3 Bb4 4. Qc2 c5 5. dxc5 Bxc5 6. Nf3 h6 7. e3 O-O 8. Be2
b6 9. O-O Bb7 10. Rd1 Qe7 11. a3 a5 12. Na4 Na6 13. Nxc5 bxc5 14. Bd2 Nc7 15.
Bc3 Ne4 16. Nd2 Nxd2 17. Qxd2 Qg5 18. Bf1 d5 19. Bxa5 Ne8 20. b4 Nf6 21. cxd5
Ne4 22. Qe1 Bxd5 23. Bc7 cxb4 24. axb4 Rxa1 25. Rxa1 Nd2 26. Qxd2 Rc8 27. Bf4
Qg6 28. Rc1 Ra8 29. g3 Qe4 30. f3 Qg6 31. e4 Ra2 32. Qd3 Bb7 33. Rc2 Ra1 34.
Be5 Re1 35. Kf2 Rb1 36. Rc8+ Bxc8 37. Qxb1 Qh5 38. Bd4 Qxh2+ 39. Bg2 Qh5 40. b5
Qg5 41. Qb2 h5 42. Be3 Qe7 43. b6 e5 44. Qc3 Ba6 45. Bf1 Bb7 46. Qc7 Qxc7 47.
bxc7 Bc8 48. Bc5 g5 49. Bc4 Kg7 50. Be7 Kg6 51. Bb5 g4 52. f4 exf4 53. gxf4 Kg7
54. Kg3 f6 55. Be8 f5 56. e5 Kh6 57. Bg5+ Kg7 58. Bxh5 Kf8 59. Bh4 Be6 60. Kf2
1-0